000 00219 a2200097 4500
001 35059
100 _aRobinson
245 _aCambridge Encyclopedia of India
260 _aNY
_bCambridge Press
_c
090 _c23206
_d23206
942 _aNUST-CAE
_cM
_c14677
999 _c270132
_d270132